| 000 | 01764nam a2200289 a 4500 | ||
|---|---|---|---|
| 003 | AM-YeHGA | ||
| 005 | 20250618080058.0 | ||
| 008 | 220118s2021 ai df||fr|||||000|0|arm|| | ||
| 020 | _a9789939790343 | ||
| 040 | _aAM-YeHGA | ||
| 041 | 0 | _aarm | |
| 080 | _a331.45(075)+614.8 (NLA) | ||
| 100 | 1 | _aՄկրտչյան, Սոսիկ Սուրենի | |
| 245 | 1 | 0 |
_aԿենսագործունեության անվտանգություն և աշխատանքի պաշտպանությունը լեռնամետալուրգիական արդյունաբերությունում : _bԴասագիրք / _cՍ.Ս. Մկրտչյան ; Գրախոսներ՝ Ա.Ա. Աղայան, Է.Ա. Մարտիրոսյան ; Խմբագիր՝ Ն.Ա. Խաչատրյան ; ՀՀ կրթության, գիտության, մշակույթի և սպորտի նախարարություն ; Հայաստանի ազգային պոլիտեխնիկական համալսարան, Կապանի մասնաճյուղ. |
| 260 |
_aԵրևան : _bՃարտարագետ, _c2021. |
||
| 300 |
_a183 էջ : _bգծանկար, աղյուսակ ; _c20 սմ. |
||
| 504 | _aԳրականություն՝ էջ 183: | ||
| 650 | 1 | 4 |
_aԱշխատանքի պաշտպանություն _vՈւսումնական ձեռնարկներ |
| 650 | 1 | 4 |
_aԿենսագործունեության անվտանգություն _xԱռաջին օգնություն |
| 700 | 1 |
_aԱղայան, Ա.Ա. _eգրախոս _4rev |
|
| 700 | 1 |
_aՄարտիրոսյան, Է.Ա. _eգրախոս _4rev |
|
| 700 | 1 |
_aԽաչատրյան, Ն.Ա. _eխմբագիր _4edt |
|
| 710 | 2 |
_aՀայաստանի ազգային պոլիտեխնիկական համալսարան : _bԿապանի մասնաճյուղ _98822 |
|
| 942 |
_2udc _cBK |
||
| 001 | 1813201 | ||
| 090 | _c532780 | ||
| 999 |
_c525552 _d525552 |
||